Normal view
MARC view
- PROCESSOR DESIGN FOR PORTABLE SYSTEM VIDEO DECOMPRESSION CHIP SWAN WIRELESS ATM NETWORK
Entry Topical Term
001 - CONTROL NUMBER
- control field: 73953
003 - CONTROL NUMBER IDENTIFIER
- control field: NUST
005 - DATE AND TIME OF LATEST TRANSACTION
- control field: 20210628205117.0
008 - FIXED-LENGTH DATA ELEMENTS
- fixed length control field: 210628|| aca||aabn | a|a d
040 ## - CATALOGING SOURCE
- Original cataloging agency: NUST
- Transcribing agency: NUST
150 ## - HEADING--TOPICAL TERM
- Topical term or geographic name entry element: PROCESSOR DESIGN FOR PORTABLE SYSTEM VIDEO DECOMPRESSION CHIP SWAN WIRELESS ATM NETWORK
670 ## - SOURCE DATA FOUND
- Source citation: Work cat.: (NUST): Chandraksan, A. P Brodersen, R. W 73952, Technologies for wireless computing, 1996
